[Event "Vellmarer Schachtage 5th op  A"]
[Site "Vellmar"]
[Date "2013.07.26"]
[Round "3.19"]
[White "Rehbein, Ullrich"]
[Black "Braun, Ingram"]
[Result "1/2-1/2"]
[WhiteElo "1822"]
[BlackElo "2009"]
[PlyCount "70"]
[EventDate "2013.07.25"]
[EventType "swiss"]
[EventRounds "7"]
[EventCountry "GER"]

{DWZ 1654 DWZ 1942} 1. d4 d5 2. Nf3 Nf6 3. c4 e6 4. Nc3 c6 5. cxd5 exd5 6. Bf4
Bf5 7. e3 Nbd7 8. Bd3 Bxd3 9. Qxd3 Be7 10. O-O O-O 11. Rfe1 Re8 12. Rad1 h6 13.
e4 dxe4 14. Nxe4 Nd5 15. Bg3 Bb4 16. Nc3 Qa5 17. Rxe8+ Rxe8 18. Nxd5 Qxd5 19.
a3 Ba5 20. h3 Bd8 21. b4 Bf6 22. Bh4 Bxh4 23. Nxh4 Nf6 24. Nf3 Nh5 25. Re1
Rxe1+ 26. Nxe1 Nf4 27. Qe3 Ne6 28. Nf3 b6 29. Kh2 $11 a5 30. bxa5 bxa5 31. Qc3
g6 32. Qe3 Kg7 33. g3 a4 34. Qc3 Kh7 35. Qe3 Kg7 1/2-1/2

[Event "Vellmarer Schachtage 5th op  A"]
[Site "Vellmar"]
[Date "2013.07.26"]
[Round "3.20"]
[White "Ulrich, Thomas"]
[Black "Engel, Luis"]
[Result "1/2-1/2"]
[WhiteElo "2005"]
[BlackElo "1765"]
[PlyCount "136"]
[EventDate "2013.07.25"]
[EventType "swiss"]
[EventRounds "7"]
[EventCountry "GER"]

{DWZ --- DWZ 1791} 1. e4 c5 2. Nf3 d6 3. Bb5+ Nd7 4. d4 cxd4 5. Qxd4 Ngf6 6.
O-O a6 7. Bxd7+ Bxd7 8. e5 dxe5 9. Nxe5 Bb5 10. Rd1 Qxd4 11. Rxd4 e6 12. c4 Bc5
13. Rd3 Bc6 14. Nc3 O-O 15. Nxc6 bxc6 16. Bg5 Rfd8 17. Rad1 Be7 18. Kf1 Rxd3
19. Rxd3 Rd8 20. Ke2 Rxd3 21. Kxd3 Kf8 22. f3 c5 23. Ne4 Ke8 24. Be3 Nd7 25. a3
Kd8 26. Kc3 Kc7 27. b4 Kc6 28. Kb3 Bd6 29. h3 f6 30. Nc3 f5 31. b5+ Kb7 32. f4
Nf6 33. bxa6+ Kxa6 34. Nb5 Bb8 35. Nc3 Bd6 36. Nb5 Bb8 37. Nc3 Bd6 38. Na4 Ne4
39. Nb2 h6 40. Nd3 g5 41. fxg5 hxg5 42. Ne1 Be7 43. Nf3 Bf6 44. Bc1 g4 45. hxg4
fxg4 46. Nh2 g3 47. Nf3 Nd6 48. Be3 Kb6 49. Bf4 Nf5 50. Ne5 Ka6 51. Kc2 Ka5 52.
Ng4 Bd4 53. Kd3 Ka4 54. Nh6 Nxh6 55. Bxh6 Kxa3 56. Bf4 Bf2 57. Be5 Kb3 58. Bf4
Kb2 59. Bd2 Kb1 60. Bf4 Kb2 61. Bd2 Kb3 62. Bf4 Ka4 63. Be5 Ka5 64. Bc7+ Ka6
65. Ke4 Kb7 66. Be5 Ka6 67. Bc7 Kb7 68. Be5 Ka6 1/2-1/2

[Event "Vellmarer Schachtage 5th op  A"]
[Site "Vellmar"]
[Date "2013.07.26"]
[Round "3.21"]
[White "Stoll, Katja"]
[Black "Schnegelsberg, Karl-Heinz"]
[Result "0-1"]
[WhiteElo "1763"]
[BlackElo "2004"]
[PlyCount "142"]
[EventDate "2013.07.25"]
[EventType "swiss"]
[EventRounds "7"]
[EventCountry "GER"]

{DWZ 1700 DWZ 1855} 1. e4 e6 2. d4 d5 3. exd5 exd5 4. Bd3 Nc6 5. c3 Bd6 6. Nf3
Nge7 7. O-O Bg4 8. Nbd2 Qd7 9. Qc2 Bf5 10. Bxf5 Qxf5 11. Qxf5 Nxf5 12. Re1+ Kd7
13. Nb3 f6 14. Bd2 g5 15. Re2 h5 16. Ne1 Raf8 17. Nd3 b6 18. Rae1 Nd8 19. a3
Rhg8 20. Nb4 c6 21. Nc1 a5 22. Nc2 Ng7 23. Nd3 Nde6 24. a4 Ra8 25. b3 $11 Rge8
26. h3 g4 27. h4 g3 28. Ne3 Nf4 29. Nxf4 Bxf4 30. Nf1 Bxd2 31. Nxd2 Rxe2 32.
Rxe2 Nf5 33. fxg3 Nxg3 34. Re3 Nf5 35. Rf3 Ke6 36. g3 c5 37. dxc5 bxc5 38. c4
d4 39. Ne4 Ke5 40. Nxc5 Ra7 41. Kf2 Rg7 42. Nd3+ Ke4 43. Nf4 Rh7 44. Nd5 Rf7
45. Ke2 Ke5 46. Nf4 Nxg3+ 47. Kf2 Ne4+ 48. Ke2 Rg7 49. Nd3+ Kd6 50. Nf4 f5 51.
Kd3 Ke5 52. Nxh5 Rg4 53. Ke2 f4 54. Kd3 Nc5+ 55. Ke2 d3+ 56. Kd2 Rg2+ 57. Kd1
Ne4 58. Rxd3 Nf2+ 59. Ke2 Nxd3+ 60. Kxd3 Rb2 61. Kc3 Rh2 62. Nxf4 Kxf4 63. c5
Rxh4 64. Kc4 Ke5+ 65. Kb5 Kd5 66. c6 Rh2 67. Kxa5 Kxc6 68. Kb4 Kb6 69. Ka3 Rh3
70. Kb4 Rh4+ 71. Ka3 Ka5 0-1

[Event "Vellmarer Schachtage 5th op  A"]
[Site "Vellmar"]
[Date "2013.07.26"]
[Round "3.22"]
[White "Krausse, Eckhard"]
[Black "Schulze, Lara"]
[Result "1-0"]
[WhiteElo "1999"]
[BlackElo "1788"]
[PlyCount "51"]
[EventDate "2013.07.25"]
[EventType "swiss"]
[EventRounds "7"]
[EventCountry "GER"]

{DWZ 1942 DWZ 1604} 1. e4 e6 2. d3 d5 3. Nd2 Nf6 4. Ngf3 b6 5. g3 Bb7 6. e5
Nfd7 7. Bg2 c5 8. O-O Nc6 9. Re1 Qc7 10. Qe2 h6 11. h4 g5 12. hxg5 hxg5 13.
Nxg5 Ncxe5 14. f4 Nc6 15. Nxf7 Nd4 16. Qe3 Kxf7 17. c3 Bg7 18. Nb3 Nxb3 19.
Qxe6+ Kf8 20. Qe7+ Kg8 21. axb3 d4 22. Qe6+ Kf8 23. Rxa7 Nf6 24. Rxb7 Re8 25.
Rxc7 Rxe6 26. Rxe6 1-0

[Event "Vellmarer Schachtage 5th op  A"]
[Site "Vellmar"]
[Date "2013.07.26"]
[Round "3.23"]
[White "Balje, Jan"]
[Black "Forgach, Andreas"]
[Result "1-0"]
[WhiteElo "2189"]
[BlackElo "1919"]
[PlyCount "118"]
[EventDate "2013.07.25"]
[EventType "swiss"]
[EventRounds "7"]
[EventCountry "GER"]

{DWZ --- DWZ 1772} 1. d4 Nf6 2. c4 g6 3. Nf3 Bg7 4. g3 O-O 5. Bg2 d6 6. O-O Nc6
7. Nc3 a6 8. b3 Rb8 9. Nd5 Nh5 10. Bb2 Bd7 11. Qd2 e6 12. Nc3 e5 13. dxe5 dxe5
14. Rfd1 Bg4 15. h3 Bxf3 16. Bxf3 Nd4 17. Bg2 c6 18. e3 Ne6 19. Qc2 Qc7 20. Ne4
Rfd8 21. Ba3 Bf8 22. c5 Rxd1+ 23. Rxd1 Rd8 24. Nd6 Nhg7 25. Bf3 Ne8 26. Nxe8
Rxe8 27. b4 Rd8 28. Bb2 Rxd1+ 29. Bxd1 a5 30. a3 axb4 31. axb4 b6 32. cxb6 Qxb6
$11 33. Bf3 Qxb4 34. Bxc6 Qa5 35. Kg2 Qc7 36. Qe4 Bg7 37. h4 Qb6 38. Bd5 Nc7
39. Bc4 Qc5 40. h5 Qd6 41. hxg6 hxg6 42. Qb7 Ne6 43. Qc8+ Nd8 44. e4 Bf6 45.
Bd5 Kg7 46. Qa8 Qb6 47. Ba3 Qc7 48. Bb4 Qb6 49. Ba5 Qd6 50. Qc8 Be7 51. Bc7 Qc5
52. Bxe5+ f6 53. Bc7 Nf7 54. Qb8 f5 55. Qb7 fxe4 56. Bxe4 Nd6 57. Qb2+ Bf6 58.
Bxd6 Qxd6 59. Qc2 Be7 1-0

[Event "Vellmarer Schachtage 5th op  A"]
[Site "Vellmar"]
[Date "2013.07.26"]
[Round "3.24"]
[White "Hilgert, Viktor"]
[Black "Wesslen, Ulf"]
[Result "1/2-1/2"]
[WhiteElo "1951"]
[BlackElo "2050"]
[PlyCount "171"]
[EventDate "2013.07.25"]
[EventType "swiss"]
[EventRounds "7"]
[EventCountry "GER"]

{DWZ 1647 DWZ ---} 1. d4 d5 2. c4 dxc4 3. e4 e6 4. Bxc4 a6 5. a4 Bb4+ 6. Nc3
Nc6 7. Nf3 Na5 8. Ba2 c5 9. O-O Qc7 10. d5 c4 11. e5 Qd7 12. dxe6 fxe6 13. Bg5
Ne7 14. Qe2 Bxc3 15. bxc3 Qxa4 16. Bxe7 Kxe7 17. Qe3 Rf8 18. Qc5+ Kf7 19. Ng5+
Ke8 20. Bb1 Qxa1 21. Bg6+ hxg6 22. Rxa1 Nb3 23. Qxc4 Nxa1 24. Qa4+ Bd7 25. Qxa1
Rf5 26. h4 Bc6 27. Nxe6 Kd7 28. Nd4 Rxe5 29. Qd1 Rae8 30. Qg4+ Kc7 31. Qxg6
R8e7 32. Kh2 Be4 33. Qg3 Kb6 34. f3 Bd3 35. Qf2 Re3 36. Qb2+ Kc7 37. Qb4 R7e5
38. Qf8 Re7 39. h5 R3e5 40. g4 Bc4 41. Kg3 b5 42. h6 gxh6 43. Qxh6 a5 44. Qc6+
Kd8 45. Qb6+ Ke8 46. Qxa5 Re1 47. Qa8+ Kf7 48. Qh8 Bd3 49. Qh5+ Kg7 50. Nf5+
Bxf5 51. Qxf5 R1e5 52. Qd3 Kf6 53. Qd4 Kg6 54. f4 Re3+ 55. Kf2 Re2+ 56. Kf3 Rb2
57. f5+ Kf7 58. g5 Rb1 59. g6+ Ke8 60. f6 Rf1+ 61. Kg2 Ree1 62. f7+ Kf8 63.
Qd8+ Kg7 64. Qg8+ Kh6 65. f8=Q+ Rxf8 66. Qxf8+ Kxg6 67. Qd6+ Kf5 68. Qd3+ Ke6
69. Qxb5 Re5 70. Qb3+ Kd6 71. Kf3 Rh5 72. Qb8+ Kc5 73. Ke3 Rh3+ 74. Kd2 Rh7 75.
Qe5+ Kb6 76. c4 Rd7+ 77. Kc3 Kc6 78. Qb5+ Kc7 79. c5 Kc8 80. Kb4 Rb7 81. c6
Rxb5+ 82. Kxb5 Kc7 83. Kc5 Kc8 84. Kd6 Kd8 85. c7+ Kc8 86. Kc6 1/2-1/2

[Event "Vellmarer Schachtage 5th op  A"]
[Site "Vellmar"]
[Date "2013.07.26"]
[Round "3.25"]
[White "Schaefer, Annabelle"]
[Black "Knoth, Eugen"]
[Result "1/2-1/2"]
[WhiteElo "1930"]
[BlackElo "1993"]
[PlyCount "74"]
[EventDate "2013.07.25"]
[EventType "swiss"]
[EventRounds "7"]
[EventCountry "GER"]

{DWZ 1842 DWZ 1841} 1. e4 c6 2. d4 d5 3. Nc3 dxe4 4. Nxe4 Bf5 5. Ng3 Bg6 6. Nh3
e6 7. Nf4 Bd6 8. h4 Ne7 9. h5 Bf5 10. Nxf5 exf5 11. c3 Qc7 12. Qf3 Nd7 13. Bc4
Nb6 14. Bb3 O-O 15. Be3 a5 16. g4 a4 17. Bc2 Ned5 18. Nxd5 Nxd5 19. Qxf5 g6 20.
hxg6 fxg6 21. Qe6+ Qf7 22. Qxf7+ Rxf7 23. Ke2 a3 24. Bb3 axb2 25. Bxd5 bxa1=Q
26. Bxf7+ Kxf7 27. Rxa1 b5 28. Bd2 Ke6 29. Kd3 Kd5 30. Rh1 Ra7 31. f4 Rf7 32.
Rf1 h5 33. gxh5 gxh5 34. f5 Be7 35. Re1 Bd6 36. Rf1 Be7 37. Be1 Kd6 1/2-1/2

[Event "Vellmarer Schachtage 5th op  A"]
[Site "Vellmar"]
[Date "2013.07.26"]
[Round "3.26"]
[White "Weber, Andreas"]
[Black "Van der Hoeven, Gerben"]
[Result "1-0"]
[WhiteElo "1863"]
[BlackElo "1962"]
[PlyCount "45"]
[EventDate "2013.07.25"]
[EventType "swiss"]
[EventRounds "7"]
[EventCountry "GER"]

{DWZ 1741 DWZ ---} 1. e4 c5 2. d4 cxd4 3. c3 dxc3 4. Nxc3 g6 5. Bc4 Nc6 6. Nf3
Bg7 7. e5 Bxe5 8. Bxf7+ Kf8 9. Nxe5 Nxe5 10. Bb3 Nf6 11. Bh6+ Ke8 12. Bg7 Nf7
13. Bxh8 Nxh8 14. O-O b6 15. Nd5 e6 16. Re1 Kf7 17. Nxf6 Qxf6 18. Rc1 Ke7 19.
Ba4 b5 20. Bxb5 Rb8 21. a4 d5 22. Rc7+ Kf8 23. Qc1 1-0

[Event "Vellmarer Schachtage 5th op  A"]
[Site "Vellmar"]
[Date "2013.07.26"]
[Round "3.27"]
[White "Ziegenfuss, Holger"]
[Black "Rafiee, Kayvan"]
[Result "1/2-1/2"]
[WhiteElo "1959"]
[BlackElo "1942"]
[PlyCount "24"]
[EventDate "2013.07.25"]
[EventType "swiss"]
[EventRounds "7"]
[EventCountry "GER"]

{DWZ 1865 DWZ 1801} 1. e4 e5 2. Nc3 Nc6 3. Bc4 Nf6 4. d3 Bb4 5. Bg5 h6 6. Bxf6
Bxc3+ 7. bxc3 Qxf6 8. Ne2 d6 9. O-O g5 10. d4 Ne7 11. Rb1 Ng6 12. Ng3 Nf4
1/2-1/2

[Event "Vellmarer Schachtage 5th op  A"]
[Site "Vellmar"]
[Date "2013.07.26"]
[Round "3.29"]
[White "Soeder, Maximilian"]
[Black "Weber, Hubert"]
[Result "0-1"]
[WhiteElo "1672"]
[BlackElo "1999"]
[PlyCount "50"]
[EventDate "2013.07.25"]
[EventType "swiss"]
[EventRounds "7"]
[EventCountry "GER"]

{DWZ 1525 DWZ 1927} 1. Nf3 Nf6 2. g3 d6 3. Bg2 g6 4. O-O Bg7 5. d3 O-O 6. c4 e5
7. Nc3 Nc6 8. Qb3 h6 9. Bd2 Rb8 10. Rab1 Be6 11. Qc2 a5 12. a3 Qd7 13. Rfd1 Kh7
14. b4 axb4 15. axb4 Nh5 16. b5 Ne7 17. e4 f5 18. Re1 $11 f4 19. Ne2 g5 20. Bh1
Ng6 21. Rf1 Bg4 22. Rbe1 fxg3 23. hxg3 Bxf3 24. Bxf3 Rxf3 25. g4 Qxg4+ 0-1

[Event "Vellmarer Schachtage 5th op  A"]
[Site "Vellmar"]
[Date "2013.07.26"]
[Round "3.31"]
[White "Kies, Wolfgang"]
[Black "Niemeyer, Norbert"]
[Result "1-0"]
[WhiteElo "1916"]
[BlackElo "1758"]
[PlyCount "59"]
[EventDate "2013.07.25"]
[EventType "swiss"]
[EventRounds "7"]
[EventCountry "GER"]

{DWZ 1811 DWZ 1590} 1. e4 Nf6 2. e5 Nd5 3. d4 d6 4. f4 dxe5 5. fxe5 Nc6 6. Nf3
Bg4 7. c3 e6 8. Bd3 Be7 9. O-O O-O 10. Qc2 g6 11. Bh6 Re8 12. Nbd2 Bf8 13. Bg5
Be7 14. Bxe7 Qxe7 15. Rae1 a6 16. h3 Bf5 17. Ne4 Kg7 18. g4 Bxe4 19. Bxe4 Rab8
20. Qd2 Rf8 21. Nh2 Qd8 22. g5 Nde7 23. Bxc6 bxc6 24. b4 Nf5 25. Ng4 Qd5 26.
Nf6 Qd8 27. Rxf5 exf5 28. Qf4 Qe7 29. Qh4 Rh8 30. Qh6# 1-0

[Event "Vellmarer Schachtage 5th op  A"]
[Site "Vellmar"]
[Date "2013.07.26"]
[Round "3.32"]
[White "Diener, Carolin Valeria"]
[Black "Lechnauer, Uwe"]
[Result "1-0"]
[WhiteElo "1700"]
[BlackElo "1883"]
[PlyCount "91"]
[EventDate "2013.07.25"]
[EventType "swiss"]
[EventRounds "7"]
[EventCountry "GER"]

{DWZ 1623 DWZ 1757} 1. e4 e5 2. Nf3 Nc6 3. Bb5 Nf6 4. Nc3 Bd6 5. d4 exd4 6.
Nxd4 Nxd4 7. Qxd4 Qe7 8. f3 Be5 9. Qd3 Nh5 10. O-O c6 11. Ba4 Bc7 12. f4 d6 13.
Be3 O-O 14. f5 Bd7 15. g4 Nf6 16. g5 Ng4 17. Bf4 Bb6+ 18. Kg2 Ne5 19. Qg3 Kh8
20. Rad1 Rg8 21. Bb3 Rgf8 22. f6 gxf6 23. gxf6 Qxf6 24. Bxe5 Qxe5 25. Qxe5+
dxe5 26. Rxd7 Rg8+ 27. Kh3 Raf8 28. Rfxf7 Rxf7 29. Rxf7 Rg6 30. Rxb7 Bc5 31.
Rb8+ Kg7 32. Rg8+ Kf6 33. Rxg6+ hxg6 34. Ne2 Be3 35. Kg4 g5 36. Ba4 c5 37. c4
Bd4 38. b3 a5 39. Ng3 Be3 40. Nf5 Bc1 41. Nd6 Bd2 42. Nc8 Ke6 43. Na7 Kf6 44.
Nc6 Bc3 45. Nb8 Bb4 46. Nd7+ 1-0

[Event "Vellmarer Schachtage 5th op  A"]
[Site "Vellmar"]
[Date "2013.07.26"]
[Round "3.33"]
[White "Bethke, Richard"]
[Black "Radde, Horst"]
[Result "1/2-1/2"]
[WhiteElo "1616"]
[BlackElo "1845"]
[PlyCount "136"]
[EventDate "2013.07.25"]
[EventType "swiss"]
[EventRounds "7"]
[EventCountry "GER"]

{DWZ 1370 DWZ 1768} 1. d4 d6 2. e4 a6 3. Nc3 Nd7 4. Be3 b6 5. Qd2 e6 6. Bd3 c5
7. d5 e5 8. Nge2 b5 9. f4 c4 10. fxe5 Nxe5 11. O-O cxd3 12. cxd3 Nf6 13. Nd4
Bd7 14. Nf5 Bxf5 15. Rxf5 Be7 16. Raf1 g6 17. R5f2 Neg4 18. Rf4 Nxe3 19. Qxe3
O-O 20. Ne2 Nh5 21. R4f3 Bg5 22. Qd4 Rb8 23. Qa7 Qb6+ 24. Qxb6 Rxb6 25. g4 Ng7
26. Kg2 Rb7 27. h3 Rc7 28. Nd4 h6 29. Re1 h5 30. e5 dxe5 31. Rxe5 hxg4 32. hxg4
f6 33. Re4 Re8 34. Nc6 Rxe4 35. dxe4 Ne6 36. Rc3 Nf4+ 37. Kf3 f5 38. gxf5 gxf5
39. d6 fxe4+ 40. Kxe4 Rg7 41. Ke5 Ng6+ 42. Kf5 Nf8 43. Nb8 Bd8 44. Rc8 Rf7+ 45.
Ke4 Bg5 46. d7 Kg7 47. d8=Q Bxd8 48. Rxd8 Re7+ 49. Kd3 a5 50. Nc6 Rc7 51. Nxa5
Ne6 52. Rb8 Rd7+ 53. Kc3 Rd5 54. b3 Nd4 55. Rb7+ Kf6 56. Rb6+ Kf5 57. Nc6 Nxc6
58. Rxc6 Ke4 59. Rb6 Rd3+ 60. Kb4 Rd2 61. a3 Kd5 62. Rxb5+ Kc6 63. a4 Rd4+ 64.
Ka5 Rd8 65. Rb6+ Kc7 66. b4 Rd4 67. Kb5 Rxb4+ 68. Kxb4 Kxb6 1/2-1/2

[Event "Vellmarer Schachtage 5th op  A"]
[Site "Vellmar"]
[Date "2013.07.27"]
[Round "4.1"]
[White "Ivanov, Mikail"]
[Black "Turov, Maxim"]
[Result "1/2-1/2"]
[WhiteElo "2392"]
[BlackElo "2588"]
[PlyCount "20"]
[EventDate "2013.07.25"]
[EventType "swiss"]
[EventRounds "7"]
[EventCountry "GER"]

{DWZ 2337 DWZ ----} 1. Nf3 d5 2. d4 Nf6 3. c4 e6 4. cxd5 exd5 5. Nc3 c6 6. Bg5
Be7 7. e3 Bf5 8. Bd3 Bxd3 9. Qxd3 Nbd7 10. O-O O-O 1/2-1/2

[Event "Vellmarer Schachtage 5th op  A"]
[Site "Vellmar"]
[Date "2013.07.27"]
[Round "4.2"]
[White "Gutman, Lev"]
[Black "Kersten, Uwe"]
[Result "1-0"]
[WhiteElo "2455"]
[BlackElo "2289"]
[PlyCount "67"]
[EventDate "2013.07.25"]
[EventType "swiss"]
[EventRounds "7"]
[EventCountry "GER"]

{DWZ 2375 DWZ 2227} 1. Nf3 c5 2. g3 b6 3. Bg2 Bb7 4. O-O Nf6 5. d4 cxd4 6. Qxd4
g6 7. Nc3 d6 8. e4 Bg7 9. e5 Nfd7 10. Qc4 Bxf3 11. Bxf3 Nxe5 12. Qb5+ Nbd7 13.
Bxa8 Qxa8 14. Qd5 Qb8 15. f4 Ng4 16. Re1 Ngf6 17. Qc6 a6 18. f5 O-O 19. Rxe7
Rc8 20. Qf3 Rc5 21. fxg6 hxg6 22. Bf4 g5 23. Be3 Re5 24. Rxe5 Nxe5 25. Qf5 g4
26. Bg5 Nf3+ 27. Kf2 Nxg5 28. Qxg5 d5 29. Qf5 Qc7 30. Rd1 Qc5+ 31. Ke1 Qe7+ 32.
Kf1 d4 33. Rxd4 Nh7 34. Rd7 1-0

[Event "Vellmarer Schachtage 5th op  A"]
[Site "Vellmar"]
[Date "2013.07.27"]
[Round "4.3"]
[White "Stabernack, Joschi"]
[Black "Langheinrich, Ferenc"]
[Result "0-1"]
[WhiteElo "2041"]
[BlackElo "2434"]
[PlyCount "90"]
[EventDate "2013.07.25"]
[EventType "swiss"]
[EventRounds "7"]
[EventCountry "GER"]

{DWZ 1986 DWZ 2342} 1. e4 c6 2. d4 d5 3. e5 Bf5 4. Nc3 Qb6 5. Nf3 e6 6. a3 Nd7
7. Be2 Ne7 8. O-O h6 9. b4 a5 10. Na4 Qc7 11. Bb2 Bh7 12. Bd3 Bxd3 13. Qxd3 Nc8
14. b5 cxb5 15. Qxb5 Be7 16. Rac1 Na7 17. Qb3 b5 18. Qc3 Qd8 19. Nc5 Nxc5 20.
dxc5 Rc8 21. Qe3 Bxc5 22. Bd4 Qe7 23. Rb1 O-O 24. Rfd1 Rc7 25. Rd3 Rfc8 26. h3
Qd7 27. Rc3 Bxd4 28. Rxc7 Qxc7 29. Nxd4 Nc6 30. Nxb5 Qxe5 31. Qc5 Qb8 32. Nc3
Qa7 33. Rb5 Qd7 34. Rb6 Ne5 35. Qd4 Nc4 36. Rb5 Nxa3 37. Rxa5 Nxc2 38. Qd2 Nb4
39. Ne4 Qd8 40. Qxb4 dxe4 41. Ra7 Qd1+ 42. Kh2 Qd5 43. Ra5 Qc6 44. Ra4 Qc7+ 45.
g3 e3 0-1

[Event "Vellmarer Schachtage 5th op  A"]
[Site "Vellmar"]
[Date "2013.07.27"]
[Round "4.5"]
[White "Pogan, Nikolas"]
[Black "Angskog, Kent"]
[Result "1/2-1/2"]
[WhiteElo "2284"]
[BlackElo "2219"]
[PlyCount "102"]
[EventDate "2013.07.25"]
[EventType "swiss"]
[EventRounds "7"]
[EventCountry "GER"]

{DWZ 2262 DWZ ---} 1. d4 g6 2. g3 Bg7 3. Bg2 d6 4. Nf3 e5 5. dxe5 dxe5 6. Qxd8+
Kxd8 7. Nc3 f6 8. Be3 Bd7 9. Nxe5 fxe5 10. Bxb7 Bc6 11. O-O-O+ Ke8 12. Bxa8
Bxa8 13. Nd5 Na6 14. Rhf1 Ne7 15. Nxe7 Kxe7 16. Bxa7 Ke6 17. Kb1 Nb4 18. a3 Nc6
19. Bc5 Nd4 20. f3 Rb8 21. e4 Bc6 22. Rf2 Bf8 23. Ba7 Rb7 24. Bxd4 exd4 25. Ka2
Bc5 26. Re2 Bb5 27. Red2 Ke5 28. Re1 g5 29. h4 h6 30. hxg5 hxg5 31. Rf2 d3 32.
f4+ Ke6 33. Rd2 dxc2 34. Rxc2 Bd4 35. b3 c5 36. a4 Bd3 37. Rd2 c4 38. Rxd3 cxd3
39. Rd1 gxf4 40. gxf4 Be3 41. Rxd3 Bxf4 42. Rd4 Bd6 43. a5 Rb5 44. Ra4 Rb4 45.
Rxb4 Bxb4 46. a6 Bc5 47. b4 Ba7 48. Kb3 Ke5 49. b5 Kxe4 50. b6 Bxb6 51. a7 Bxa7
1/2-1/2

[Event "Vellmarer Schachtage 5th op  A"]
[Site "Vellmar"]
[Date "2013.07.27"]
[Round "4.6"]
[White "Halt, David"]
[Black "Heinelt, Manfred"]
[Result "1/2-1/2"]
[WhiteElo "2099"]
[BlackElo "2211"]
[PlyCount "100"]
[EventDate "2013.07.25"]
[EventType "swiss"]
[EventRounds "7"]
[EventCountry "GER"]

{DWZ 2047 DWZ 2088} 1. e4 c5 2. Nc3 d6 3. g3 Nf6 4. Bg2 e6 5. d3 Be7 6. f4 Nc6
7. Nf3 O-O 8. O-O a6 9. h3 b5 10. g4 b4 11. Ne2 d5 12. Ng3 dxe4 13. dxe4 Qc7
14. Qe1 Bb7 15. Be3 Rad8 16. g5 Nd7 17. Qf2 f6 18. h4 fxg5 19. Nxg5 Rf6 20. Bh3
Nf8 21. Bxc5 Bxc5 22. Qxc5 Rxf4 23. Bxe6+ Kh8 24. Rxf4 Qxf4 25. Nh5 Nxe6 26.
Nxf4 Nxc5 27. Nf7+ Kg8 28. Nxd8 Nxd8 29. e5 Kf7 30. Kf2 Nde6 31. Ke3 Nxf4 32.
Kxf4 Be4 33. c3 bxc3 34. bxc3 Bg6 35. Ke3 Ke6 36. Kd4 Ne4 37. Rb1 Ng3 38. Rb6+
Ke7 39. Rxa6 Ne2+ 40. Kc4 Bf7+ 41. Kb4 Nf4 42. a4 Nd3+ 43. Kb5 Nxe5 44. Ra7+
Kd6 45. a5 Be8+ 46. Kb6 Nd7+ 47. Kb7 Nc5+ 48. Kb8 Bd7 49. Ra8 Bc6 50. Ra7 Bd7
1/2-1/2

[Event "Vellmarer Schachtage 5th op  A"]
[Site "Vellmar"]
[Date "2013.07.27"]
[Round "4.7"]
[White "Meyner, Hannes"]
[Black "Doeserich, Juergen"]
[Result "1/2-1/2"]
[WhiteElo "2251"]
[BlackElo "2092"]
[PlyCount "83"]
[EventDate "2013.07.25"]
[EventType "swiss"]
[EventRounds "7"]
[EventCountry "GER"]

{DWZ 2189 DWZ2023} 1. d4 d5 2. c4 c6 3. Nf3 Nf6 4. e3 e6 5. Nc3 Nbd7 6. Qc2 Bd6
7. Bd3 O-O 8. O-O e5 9. cxd5 cxd5 10. e4 exd4 11. Nxd5 Nxd5 12. exd5 h6 13.
Nxd4 Qh4 14. Nf3 Qh5 15. Qc4 Nf6 16. Bf4 Bxf4 17. Qxf4 Nxd5 18. Qg3 Rd8 19.
Rfe1 Qg4 20. Qe5 Be6 21. Re4 Qf5 22. Qg3 Qf6 23. Nd4 Bd7 24. Bc4 Bc6 25. Rae1
g5 26. Re5 Nf4 27. Nxc6 Qxc6 28. Bxf7+ Kxf7 29. Rf5+ Kg8 30. Rxf4 Qe6 31. Rf1
Kh7 32. Rb4 Rd7 33. h4 gxh4 34. Rxh4 Rg8 35. Qh3 Qxh3 36. Rxh3 Rdg7 37. g3 Rd8
38. Rh4 Rd2 39. Rb4 Rf7 40. Rb3 h5 41. g4 Kg6 42. f3 {Notatio unklar} 1/2-1/2

[Event "Vellmarer Schachtage 5th op  A"]
[Site "Vellmar"]
[Date "2013.07.27"]
[Round "4.8"]
[White "Cherny, Andrey"]
[Black "Kollars, Dmitrij"]
[Result "1-0"]
[WhiteElo "2197"]
[BlackElo "2026"]
[PlyCount "75"]
[EventDate "2013.07.25"]
[EventType "swiss"]
[EventRounds "7"]
[EventCountry "GER"]

{DWZ 2138 DWZ 2043} 1. b3 Nf6 2. Bb2 g6 3. e3 Bg7 4. Nf3 O-O 5. c4 d6 6. d4
Nbd7 7. d5 e5 8. dxe6 fxe6 9. Be2 e5 10. O-O a5 11. Nc3 Nc5 12. a3 Bf5 13. b4
Nce4 14. Nxe4 Bxe4 15. Ng5 Bf5 16. e4 Bd7 17. c5 Qe7 18. Qb3+ Kh8 19. cxd6 cxd6
20. Qd3 h6 21. Nf3 Bc6 22. Nd2 axb4 23. axb4 b5 24. Rfc1 Rxa1 25. Rxa1 d5 26.
Qc3 Rc8 27. Qxe5 Qxb4 28. Ra7 Qf8 29. Qg3 Qe8 30. e5 Ne4 31. Nxe4 dxe4 32. h4
Ra8 33. Rxg7 Ra2 34. Rxg6 Kh7 35. Rg7+ Kh8 36. Rg6 Kh7 37. Rg7+ Kh8 38. Bh5 1-0

[Event "Vellmarer Schachtage 5th op  A"]
[Site "Vellmar"]
[Date "2013.07.27"]
[Round "4.9"]
[White "Blom, Vincent"]
[Black "Schlachowitsch, Markus"]
[Result "1-0"]
[WhiteElo "2167"]
[BlackElo "2022"]
[PlyCount "60"]
[EventDate "2013.07.25"]
[EventType "swiss"]
[EventRounds "7"]
[EventCountry "GER"]

{DWZ --- DWZ 1882} 1. g3 e5 2. Bg2 Nf6 3. c4 g6 4. Nc3 Bg7 5. Nf3 Nc6 6. d4
exd4 7. Nxd4 O-O 8. Nxc6 bxc6 9. Qd2 Rb8 10. Rb1 d5 11. O-O d4 12. Na4 Bf5 13.
Ra1 d3 14. Rd1 Ng4 15. e4 Be6 16. Qxd3 Qe7 17. Qc2 Rb4 18. Bd2 Rxc4 19. Bc3 Rb8
20. Bf1 Rxc3 21. Nxc3 Qc5 22. h3 Ne5 23. Kg2 Nc4 24. Bxc4 Qxc4 25. Rac1 h5 26.
b3 Qb4 27. Ne2 Bh6 28. Nf4 Bxf4 29. gxf4 Qe7 30. Qc3 Rb4 1-0

[Event "Vellmarer Schachtage 5th op  A"]
[Site "Vellmar"]
[Date "2013.07.27"]
[Round "4.10"]
[White "Eriksson, Magnus"]
[Black "Van der Auweraert, Elwin"]
[Result "0-1"]
[WhiteElo "2060"]
[BlackElo "2154"]
[PlyCount "66"]
[EventDate "2013.07.25"]
[EventType "swiss"]
[EventRounds "7"]
[EventCountry "GER"]

1. d4 Nf6 2. c4 e6 3. Nc3 Bb4 4. Nf3 c5 5. g3 cxd4 6. Nxd4 O-O 7. Qd3 Nc6 8.
Nc2 Be7 9. Bg2 Ng4 10. Ne3 Nge5 11. Qd1 f5 12. f4 Nf7 13. h4 b6 14. Nc2 Bb7 15.
e4 Na5 16. Qe2 fxe4 17. Nxe4 Rc8 18. b3 d5 19. Ng5 Nxg5 20. hxg5 dxc4 21. Qxe6+
Rf7 22. g6 hxg6 23. Bxb7 Nxb7 24. Qxg6 Qd3 25. Qxd3 cxd3 26. Ne3 Bf6 27. Rb1
Nc5 28. Bd2 Ne4 29. g4 Bd4 30. f5 Bxe3 31. Bxe3 Rc2 32. Rd1 Re2+ 33. Kf1 Rxe3
0-1

[Event "Vellmarer Schachtage 5th op  A"]
[Site "Vellmar"]
[Date "2013.07.27"]
[Round "4.11"]
[White "Schnegelsberg, Karl-Heinz"]
[Black "Rafiee, Makan"]
[Result "1-0"]
[WhiteElo "2004"]
[BlackElo "2151"]
[PlyCount "105"]
[EventDate "2013.07.25"]
[EventType "swiss"]
[EventRounds "7"]
[EventCountry "GER"]

{DWZ 1855 DWZ 2132} 1. Nf3 c5 2. g3 Nc6 3. Bg2 g6 4. O-O Bg7 5. d3 e5 6. e4
Nge7 7. c3 O-O 8. a3 a5 9. a4 b6 10. Na3 Ba6 11. Nb5 Na7 12. Qb3 Nxb5 13. axb5
Bb7 14. Nd2 d5 15. f4 exf4 16. gxf4 Rb8 17. f5 dxe4 18. f6 Bxf6 19. Rxf6 Nf5
20. Nxe4 Bxe4 21. dxe4 Qxf6 22. exf5 Qxf5 23. Bh6 Rfe8 24. Rf1 Qe6 25. c4 Qg4
26. Qc3 Qd4+ 27. Qxd4 cxd4 28. Bd5 Re7 29. Bg5 Ra7 30. Bf6 Kf8 31. Rd1 a4 32.
Bxd4 a3 33. bxa3 Rxa3 34. Be5 Rd8 35. Bc7 Rd7 36. Bxb6 Rb3 37. Bc5+ Kg7 38.
Bd4+ Kh6 39. Bc6 Re7 40. Bc5 Re5 41. Bf8+ Kg5 42. Rd5 Kf5 43. Bg7 f6 44. Rd1
Ke6 45. Bd5+ Ke7 46. Bg8 h5 47. Rf1 Rg5+ 48. Kh1 f5 49. Re1+ Kd7 50. Be6+ Kc7
51. Be5+ Kb7 52. Bd5+ Kc8 53. Bf4 1-0